|
|
|
|
| LEADER |
00000nab a2200000 a 4500 |
| 001 |
vtls000671201 |
| 003 |
SK-MaSNL |
| 005 |
20260303043742.0 |
| 008 |
160414s1993 xo 0 slo |
| 015 |
|
|
|a SNBRH1998/03-00473
|
| 035 |
|
|
|a CLN000023378
|
| 040 |
|
|
|a SNKBUCL
|b slo
|c SNKBUCL
|e AACR2
|
| 041 |
0 |
|
|a slo
|
| 044 |
|
|
|a xo
|c SK
|
| 080 |
|
|
|a 788.52.087.32
|2 1997
|
| 245 |
0 |
0 |
|a Contredance en Rondeau I
|h hudobnina
|
| 650 |
0 |
7 |
|a inštrumentálna tvorba
|x flauty zobcové sopránové (duá)
|2 snkbucl
|9 291461
|
| 773 |
0 |
|
|w SK01SNK19980296736
|z 8090141935
|t Duá starých majstrov pre sopránové zobcové flauty
|d Bratislava : Hudobný fond, 1993
|g S. 10
|
| 850 |
|
|
|a Slovenská národná knižnica v Martine
|
| 852 |
|
|
|a SNK
|b KIS3GCP
|
| 924 |
|
|
|a flauty zobcové sopránové (duá)
|
| 958 |
|
|
|a TL
|
| 958 |
|
|
|a RZH
|
| 999 |
|
|
|c 1698144
|d 1700074
|